00385nam a2200121Ia 4500008004100000082001800041100001500059245004500074260004800119365000600167630004500173730004500218100415s9999 xx 000 0 und d b11223a598.13 aFrazier J aMarine Turtles in The Comoro Archipelago aNEWYORKc1985bNORTH HOLLAND PUBLISHING CO. b0 aMarine Turtles in The Comoro Archipelago aMarine Turtles in The Comoro Archipelago